| 000 | 00574nam a2200205 a 4500 | ||
|---|---|---|---|
| 999 |
_c3430 _d3430 |
||
| 001 | 3430 | ||
| 003 | BD-JhCC | ||
| 005 | 20171113195501.0 | ||
| 008 | 171113s2000 bg ||||| |||| 00| 0 ben d | ||
| 035 | _a(BD-JhCC) 3430 | ||
| 040 |
_aBD-JhCC _dBD-JhCC |
||
| 041 | _aben | ||
| 082 |
_a780.88294 _bMOJ 2000 |
||
| 100 | _aমজহার, ফরহাদ | ||
| 245 |
_aসাঁইজীর দৈন্য গান / _cফরহাদ মজহার |
||
| 300 |
_a302 p. : _c22 cm . |
||
| 650 | _aDevotional songs of Fakir Lalon Shah | ||
| 942 |
_2ddc _cBK |
||